People + pounds + property = services : a guide to the use of capital accounting to improve asset management and service performance. (Record no. 100712)

MARC details
000 -LEADER
fixed length control field 00798cam a2200229 4500
008 - FIXED-LENGTH DATA ELEMENTS--GENERAL INFORMATION
fixed length control field 000000n1998 000 0 eng u
020 ## - INTERNATIONAL STANDARD BOOK NUMBER
International Standard Book Number 0852998481
035 ## - SYSTEM CONTROL NUMBER
System control number (Sirsi) u107699
050 ## - LIBRARY OF CONGRESS CALL NUMBER
Classification number 657.76
110 ## - MAIN ENTRY--CORPORATE NAME
Corporate name or jurisdiction name as entry element Chartered Institute of Public Finance and Accountancy
9 (RLIN) 2136
245 ## - TITLE STATEMENT
Title People + pounds + property = services : a guide to the use of capital accounting to improve asset management and service performance.
260 ## - PUBLICATION, DISTRIBUTION, ETC.
Place of publication, distribution, etc. London
Name of publisher, distributor, etc. CIPFA
Date of publication, distribution, etc. 1998
300 ## - PHYSICAL DESCRIPTION
Extent vi,114p. ; 30cm.
350 ## - PRICE (NR) (BK AM CF MU VM SE) [OBSOLETE]
Price 60.00
520 ## - SUMMARY, ETC.
Summary, etc. Includes case studies from the London Borough of Lewisham and Devon County Council
650 ## - SUBJECT ADDED ENTRY--TOPICAL TERM
Topical term or geographic name entry element FINANCIAL MANAGEMENT
650 ## - SUBJECT ADDED ENTRY--TOPICAL TERM
Topical term or geographic name entry element CAPITAL ACCOUNTING
650 ## - SUBJECT ADDED ENTRY--TOPICAL TERM
Topical term or geographic name entry element ASSET MANAGEMENT
650 ## - SUBJECT ADDED ENTRY--TOPICAL TERM
Topical term or geographic name entry element LOCAL AUTHORITIES
690 ## - LOCAL SUBJECT ADDED ENTRY--TOPICAL TERM (OCLC, RLIN)
Topical term or geographic name as entry element LOCAL GOVERNMENT
942 ## - ADDED ENTRY ELEMENTS (KOHA)
Suppress in OPAC 0
Holdings
Withdrawn status Lost status Source of classification or shelving scheme Damaged status Not for loan Home library Current library Shelving location Date acquired Cost, normal purchase price Total Checkouts Full call number Barcode Date last seen Date last checked out Copy number Cost, replacement price Price effective from Koha item type
    Dewey Decimal Classification     London London Folio 23/08/2000 57.00 10 F657.76 CHA 30061848 06/08/2019 19/02/2007 1 57.00 06/08/2019 Book